| 000 | 00505nam a22001577a 4500 | ||
|---|---|---|---|
| 020 | _a9780071497329 | ||
| 040 | _cNUST | ||
| 082 | _a658.5 PAN | ||
| 100 |
_a Pande, Peter S. _984178 |
||
| 110 |
_a Neuman, Robert P Cavanagh, Roland R _984179 |
||
| 245 |
_aThe Six Sigma Way : _bHow to Maximize the Impact of Your Change and Improvement Efforts |
||
| 250 | _a2nd | ||
| 260 |
_aNew York: _bMcGraw-Hill Education, _c2014. |
||
| 650 |
_aSix sigma (Quality control standard) _984180 |
||
| 942 |
_2ddc _cBK |
||
| 999 |
_c586760 _d586760 |
||